00701nam a2200241 a 4500001001300000003000900013005001700022008004100039020000800080082002200088100001700110245004700127260004300174300000900217500003500226505001700261650001800278700001700296902000800313942000700321952011800328999001300446nice12345678IN_TiNIC20260116011348.0050524s1968 boma grp 000 0 eng  ac000a305.39710954bHUS aHussain, S E aIndian Muslimsb Challenge and Opportunity aBombaybLalwani Publishing Housec1968 a144p aincludes index and biblioraphy2 aBibliography aMuslims-India1 aHussain, S E bSRS cBK 001040708StackRoom-aHMIbHMId2005-05-24g0.00l0o305.39710954 HUSp03579r2005-05-24v0.00w2005-05-24yBK c855d855